Guess the Pokémon by its Japanese Translation - Statistics

General Stats
  • This quiz has been taken 17 times
  • The average score is 11 of 24
Answer Stats
Japanese
Translation
English % Correct
Pikachu Pikachu(sure about that?)
87%
Coccon Kakuna
73%
Crab Krabby
73%
Freezer Articuno
67%
Fire Moltres
67%
Thunder Zapdos
67%
Ghost Haunter
60%
Sand Sandshrew
60%
Pigeon Pidgeotto
53%
Lucky Chansey
47%
Sleep Drowzee
47%
Sleeper Hypno
47%
Booster Flareon
40%
Thunders Jolteon
40%
Gallop Rapidash
40%
Showers Vaporeon
40%
Windie Arcanine
33%
Spear Beedrill
33%
Gardie Growlithe
33%
Coil Magnemite
27%
Rarecoil Magneton
27%
Strike Scyther
27%
Casey Abra
20%
Foodin Alakazam
20%
No matching quizzes found
Score Distribution
Percent of People with Each Score
Percentile by Number Answered
Your Score History
You have not taken this quiz